02426nam a2200361 i 4500003000900000005001700009007000300026008004100029040003000070082001300100100002700113245007300140264004300213300004100256336002700297337003400324338002800358490005200386500031400438500004900752500005500801500003000856520062400886521001901510590002701529700004801556910001401604942001301618952013601631952014201767952013801909999001702047DO-SdBNP20240206102025.0ta110413s2020 dr a 000 j spa d aDO-SdBNPbspacBNPHUerda bD159222 aDamirón, Anya94302410aFamilias distintas /cAnya Damirón ; ilustrador Estrella Henriquez 1aSanto Domingo :bUSAID,bUNIBE,c2020. a8 páginas c22 cm.bIlustraciones  2rdacontentatextobtxt 2rdamediaasin mediación bn 2rdacarrieravolumenbnc1 aLibros decodificablesaProyecto leervEtapa D-2 aLos libros decodificables están compuestos de textos redactados con dificultad progresiva. Cada etapa decodificable enfatiza ciertas combinaciones de letras y sonidos tomando en cuenta el orden de frecuencia en la que aparecen en el idioma español, y el nivel de dificultad de la relación letra-sonidos. aCombinación de grafemas: y, f, p, t, b, d. aGrafemas anteriores: a, m, e, n, o, s, i, l, u, y. aPara docentes y tutores.  aEn la selva viven familias muy distintas. La familia de los leones empieza el día en orden. Primero sale la mamá leona, muy temprano en la mañana. Luego sale el papá león. Y luego salen los leoncitos, quienes acostumbran a lamer sus patas antes de salir por la puerta. En cambio, la familia de los monos empieza el día sin orden. Desde que abren los ojos, salen todos por la puerta. Leones y monos son muy amigos. Son muy distintos, pero disfrutan mucho cuando están juntos. Pero hay una cosa en la que la familia de los leones y la familia de los monos se parecen mucho: Toman la siesta al salir la Luna. aNivel primario aInventariado, 2024/ YL aHenríquez, Estrella951092eilustraciones aYLockward 2ddccLF2 00102ddc51708CIJ-PDaBNPHUbBNPHUcCTd2023-07-20eUSAID- UNIBEl0oBNPHU F-CIJ-PD D159p2024-0700r2024-02-06w2024-02-06yLF2 00102ddc51708CIJ-PDaBNPHUbBNPHUcCTd2023-07-20eUSAID- UNIBEl0oBNPHU F-CIJ-PD D159p2024-0701r2024-02-06te. 2w2024-02-06yLF2 00102ddc56708DSaBNPHUbBNPHUcCTd2023-07-20eUSAID- UNIBEl0oBNPHU F-CIJ-DS D159p2024-0702r2024-02-06te. 3w2024-02-06yLF2 c55805d55805